| 000 | 00626cam a2200205 a 4500 | ||
|---|---|---|---|
| 999 |
_c2367 _d2367 |
||
| 001 | 42603129 | ||
| 003 | OCoLC | ||
| 005 | 20181011185901.0 | ||
| 008 | 990421s1991 nyub 000 0 eng | ||
| 010 | _a99198755 | ||
| 040 |
_aDLC _cDLC _dDAY |
||
| 050 | 0 | 0 |
_aBS2095 _b.C66 1991f |
| 082 | 0 | 0 |
_aREF 225 _221 |
| 130 | 0 |
_aBible. _pNew Testament. _lEnglish. _sContemporary English. _f1991 |
|
| 245 | 1 | 0 |
_aYear of the Bible : _bNew Testament, 5 minutes a day ... finished in a year. |
| 260 |
_aNew York : _bAmerican Bible Society, _cc1995. |
||
| 300 |
_a436 p. : _bmaps ; _c22 cm |
||
| 710 | 2 | _aAmerican Bible Society | |
| 942 |
_2ddc _cREF |
||